[Event "Bluenose op"]
[Site "Halifax CAN"]
[Date "2025.02.22"]
[Round "3"]
[White "Marchand, Calix"]
[Black "Fillmore, Louis"]
[Result "1-0"]
[WhiteElo "2237"]
[BlackElo "1716"]
[WhiteFideId "-1"]
[WhiteFideId "-1"]
[PlyCount "53"]
[GameId "2150702741433037"]
[EventDate "2025.02.21"]
[EventType "swiss"]
[EventRounds "5"]
[EventCountry "CAN"]
[WhiteTeam "CAN"]
[BlackTeam "CAN"]
[WhiteClock "0:41:28"]
[BlackClock "1:12:05"]

1. d4 Nf6 2. Nc3 d5 3. Bf4 a6 4. e3 b5 5. h4 e6 6. g4 b4 7. Na4 Bd7 8. c4 dxc4 9. Bxc4 Bb5 10. b3 Bd6 11. Bxd6 Qxd6 12. g5 Nd5 13. Qe2 Bxa4 14. bxa4 Nc3 15. Qf3 Nc6 16. Bb3 Rd8 17. h5 Na5 18. g6 O-O 19. gxh7+ Kxh7 20. h6 Nxb3 21. hxg7+ Kxg7 22. Qg4+ Kf6 23. Qh4+ Kf5 24. Rh3 Nxd4 25. exd4 Qxd4 26. Rf3+ Ke5 27. Qg3+ 1-0

[Event "Bluenose op"]
[Site "Halifax CAN"]
[Date "2025.02.22"]
[Round "3"]
[White "Newman, Eric"]
[Black "Creamer, Kyle"]
[Result "0-1"]
[WhiteElo "1775"]
[BlackElo "1824"]
[WhiteFideId "-1"]
[WhiteFideId "-1"]
[PlyCount "90"]
[GameId "2150702741449424"]
[EventDate "2025.02.21"]
[EventType "swiss"]
[EventRounds "5"]
[EventCountry "CAN"]
[WhiteTeam "CAN"]
[BlackTeam "CAN"]
[WhiteClock "1:02:47"]
[BlackClock "0:04:28"]

1. e4 c5 2. Nc3 e6 3. Nf3 a6 4. Ne2 Qc7 5. d3 Nc6 6. c3 Nf6 7. h3 b5 8. Bd2 Bb7 9. Rc1 Be7 10. Ng3 Bd6 11. Ne2 O-O 12. Rc2 Rac8 13. Bg5 Ne8 14. Bh4 f6 15. Bg3 Ne5 16. Nxe5 Bxe5 17. Bxe5 fxe5 18. Ng3 Nf6 19. Be2 d5 20. Bf3 c4 21. Re2 Rcd8 22. d4 exd4 23. e5 d3 24. Re3 Nd7 25. Bg4 Rde8 26. Bh5 Re7 27. O-O Nc5 28. f4 Ne4 29. Nxe4 dxe4 30. Qd2 a5 31. Bd1 Ref7 32. g3 Qc5 33. Kh2 b4 34. Bg4 Bd5 35. h4 g6 36. Kh3 Rb7 37. Kh2 Rfb8 38. Ree1 bxc3 39. Qxc3 Rxb2+ 40. Kh3 Rc2 41. Qa1 Rbb2 42. Bd1 Rh2+ 43. Kg4 Kg7 44. Qc1 h5+ 45. Kg5 Qe7# 0-1

[Event "Bluenose op"]
[Site "Halifax CAN"]
[Date "2025.02.22"]
[Round "3"]
[White "Sarja, Sriram"]
[Black "Lacson, Remo"]
[Result "1-0"]
[WhiteElo "2352"]
[BlackElo "1929"]
[WhiteFideId "-1"]
[WhiteFideId "-1"]
[PlyCount "77"]
[GameId "2150702741441231"]
[EventDate "2025.02.21"]
[EventType "swiss"]
[EventRounds "5"]
[EventCountry "CAN"]
[WhiteTeam "IND"]
[WhiteClock "0:08:34"]
[BlackClock "0:12:14"]

1. Nf3 d5 2. d4 Nf6 3. c4 e6 4. Nc3 Be7 5. Bg5 O-O 6. e3 Nbd7 7. Rc1 Re8 8. Qc2 c6 9. a3 Nf8 10. Be2 Ng6 11. O-O h6 12. Bxf6 Bxf6 13. Rfd1 Qe7 14. Bd3 Nf8 15. h3 Nd7 16. cxd5 exd5 17. Re1 Qd8 18. e4 dxe4 19. Nxe4 Be7 20. Ne5 Nxe5 21. dxe5 Be6 22. Bc4 Qc8 23. Rcd1 Bf8 24. f4 Qc7 25. Kh2 Bxc4 26. Qxc4 Red8 27. Qb3 b6 28. Qg3 Rxd1 29. Rxd1 Rd8 30. Qg4 Rxd1 31. Qxd1 Be7 32. Qg4 Kf8 33. h4 a5 34. Ng3 g6 35. h5 Kg7 36. e6 Bf6 37. hxg6 Bg5 38. fxg5 fxg6 39. Qd4+ 1-0

[Event "Bluenose op"]
[Site "Halifax CAN"]
[Date "2025.02.23"]
[Round "4"]
[White "Creamer, Kyle"]
[Black "Winfield, Jordan"]
[Result "1/2-1/2"]
[WhiteElo "1824"]
[BlackElo "1824"]
[WhiteFideId "-1"]
[WhiteFideId "-1"]
[PlyCount "144"]
[GameId "2150702741461715"]
[EventDate "2025.02.21"]
[EventType "swiss"]
[EventRounds "5"]
[EventCountry "CAN"]
[WhiteTeam "CAN"]
[BlackTeam "FRA"]
[WhiteClock "0:02:35"]
[BlackClock "1:03:11"]

1. d4 Nf6 2. Bf4 g6 3. e3 d6 4. Be2 Bg7 5. h3 Nbd7 6. Nf3 O-O 7. O-O Re8 8. c4 e5 9. Bh2 b6 10. Nc3 exd4 11. exd4 Bb7 12. Nd2 a6 13. Bf3 Bxf3 14. Qxf3 Nf8 15. Qd3 Ne6 16. Nf3 Rc8 17. Rad1 a5 18. a3 d5 19. Rfe1 c6 20. b4 dxc4 21. Qxc4 b5 22. Qb3 axb4 23. axb4 Nc7 24. Rxe8+ Qxe8 25. Re1 Qf8 26. Ne5 Ncd5 27. Nxc6 Rxc6 28. Nxd5 Rc4 29. Nxf6+ Bxf6 30. d5 Rxb4 31. Qd3 Qc5 32. d6 Rd4 33. Qf3 Rxd6 34. Bxd6 Qxd6 35. Rd1 Qe5 36. Qd5 Qxd5 37. Rxd5 b4 38. Rb5 Bc3 39. Kf1 Kg7 40. Ke2 f6 41. Kd3 g5 42. g4 Kg6 43. Ke4 h5 44. f3 hxg4 45. hxg4 Kf7 46. Kd5 Kf8 47. Rb7 Kg8 48. Ke6 Kf8 49. Rb8+ Kg7 50. Rb7+ Kf8 51. Kf5 Ke8 52. Ke4 Kf8 53. Kd3 Ke8 54. Kc2 Kf8 55. Kb3 Kg8 56. Rc7 Kf8 57. Kc4 Kg8 58. Ra7 Kf8 59. Kd3 Kg8 60. Rc7 Kf8 61. Kc2 Kg8 62. Kb3 Kf8 63. Rc8+ Ke7 64. Rxc3 bxc3 65. Kxc3 Ke6 66. Kc4 Ke5 67. Kd3 Kf4 68. Ke2 f5 69. gxf5 Kxf5 70. Kf2 Kf4 71. Kg2 g4 72. fxg4 Kxg4 1/2-1/2

[Event "Bluenose op"]
[Site "Halifax CAN"]
[Date "2025.02.23"]
[Round "4"]
[White "Heran-Boily, Sam"]
[Black "Marchand, Calix"]
[Result "0-1"]
[WhiteElo "2040"]
[BlackElo "2237"]
[WhiteFideId "-1"]
[WhiteFideId "-1"]
[PlyCount "70"]
[GameId "2150702741449425"]
[EventDate "2025.02.21"]
[EventType "swiss"]
[EventRounds "5"]
[EventCountry "CAN"]
[BlackTeam "CAN"]
[WhiteClock "0:18:46"]
[BlackClock "0:59:52"]

1. e4 c6 2. d4 d5 3. Nd2 dxe4 4. Nxe4 Nf6 5. Nxf6+ exf6 6. c3 Bd6 7. Bd3 Na6 8. Qc2 Nc7 9. Ne2 h5 10. O-O Nd5 11. a3 Kf8 12. c4 Ne7 13. Bd2 g6 14. Bc3 Kg7 15. f4 Nf5 16. Qd2 h4 17. Rae1 Bc7 18. Kh1 Rh5 19. Be4 Ng3+ 20. Nxg3 hxg3 21. h3 Bxh3 22. gxh3 Rxh3+ 23. Kg1 Qh8 24. Bg2 Rh2 25. Rf3 Qh4 26. Re7 Bd6 27. Rd7 Rh8 28. Kf1 Re8 29. Kg1 Re1+ 30. Qxe1 Rxg2+ 31. Kxg2 Qh2+ 32. Kf1 g2+ 33. Ke2 g1=Q+ 34. Qf2 Qhxf2+ 35. Rxf2 Qg4+ 0-1

[Event "Bluenose op"]
[Site "Halifax CAN"]
[Date "2025.02.23"]
[Round "4"]
[White "Lopez, Julius Donald"]
[Black "Sarja, Sriram"]
[Result "0-1"]
[WhiteElo "1891"]
[BlackElo "2352"]
[WhiteFideId "-1"]
[WhiteFideId "-1"]
[PlyCount "54"]
[GameId "2150702741457618"]
[EventDate "2025.02.21"]
[EventType "swiss"]
[EventRounds "5"]
[EventCountry "CAN"]
[WhiteTeam "PHI"]
[BlackTeam "IND"]
[WhiteClock "0:07:13"]
[BlackClock "0:31:26"]

1. e4 c5 2. Bc4 Nc6 3. Nf3 d6 4. c3 Nf6 5. d4 cxd4 6. Nxd4 e6 7. f3 Be7 8. Be3 O-O 9. O-O d5 10. Bd3 Bc5 11. Nd2 e5 12. Nf5 Bxe3+ 13. Nxe3 d4 14. Nd5 dxc3 15. Nc4 cxb2 16. Rb1 Be6 17. Nce3 Bxd5 18. exd5 Qb6 19. Re1 Ne7 20. Kh1 Rad8 21. Nc4 Qc5 22. d6 Nc6 23. Rxb2 b5 24. Nxe5 Nxe5 25. Bf1 Rxd6 26. Qe2 Nd3 27. Rc2 Qb6 0-1

[Event "Bluenose op"]
[Site "Halifax CAN"]
[Date "2025.02.23"]
[Round "4"]
[White "Scallion, Calvin"]
[Black "Ramirez Orta, Juan Antonio"]
[Result "0-1"]
[WhiteElo "1708"]
[BlackElo "2040"]
[WhiteFideId "-1"]
[WhiteFideId "-1"]
[PlyCount "72"]
[GameId "2150702741469908"]
[EventDate "2025.02.21"]
[EventType "swiss"]
[EventRounds "5"]
[EventCountry "CAN"]
[BlackTeam "MEX"]
[WhiteClock "0:58:38"]
[BlackClock "0:44:26"]

1. e4 d5 2. exd5 Qxd5 3. Nc3 Qa5 4. d4 c6 5. Nf3 Nf6 6. Bc4 Bg4 7. Bd2 Qc7 8. h3 Bh5 9. g4 Bg6 10. Ne5 e6 11. Bf4 Bd6 12. g5 Nd5 13. Nxd5 cxd5 14. Bb3 Nc6 15. Ba4 O-O 16. Nxg6 fxg6 17. Bxd6 Qxd6 18. Qd2 Rf4 19. c3 Raf8 20. Rf1 Re4+ 21. Kd1 e5 22. Bc2 Ref4 23. dxe5 Qxe5 24. Bb3 Kh8 25. Re1 Qxg5 26. Re2 d4 27. Bc4 dxc3 28. Qxc3 Qg1+ 29. Re1 Qxf2 30. b3 Rf3 31. Qd2 Rd8 32. Bd5 Qxd2+ 33. Kxd2 Rxd5+ 34. Kc2 Nb4+ 35. Kb1 Kg8 36. a3 Rxb3+ 0-1

[Event "Bluenose op"]
[Site "Halifax CAN"]
[Date "2025.02.23"]
[Round "5"]
[White "Memet, Ryan"]
[Black "Creamer, Kyle"]
[Result "1-0"]
[WhiteElo "1862"]
[BlackElo "1824"]
[WhiteFideId "-1"]
[WhiteFideId "-1"]
[PlyCount "119"]
[GameId "2150702741478104"]
[EventDate "2025.02.21"]
[EventType "swiss"]
[EventRounds "5"]
[EventCountry "CAN"]
[WhiteTeam "CAN"]
[BlackTeam "CAN"]
[WhiteClock "0:14:55"]
[BlackClock "0:05:37"]

1. c4 Nf6 2. Nf3 e6 3. Nc3 c5 4. g3 b6 5. Bg2 Bb7 6. O-O Be7 7. b3 O-O 8. Bb2 Nc6 9. d4 d5 10. cxd5 exd5 11. Rc1 Re8 12. Na4 Ne4 13. dxc5 Nxc5 14. Nxc5 Bxc5 15. Ne1 Qe7 16. Bf3 Rad8 17. Nd3 Bd4 18. Qd2 Bxb2 19. Qxb2 Qd6 20. Rfd1 d4 21. Ne1 Qe6 22. Nc2 Qe5 23. Rd2 Rd7 24. Rcd1 Red8 25. e3 Qf6 26. Kg2 Ba6 27. exd4 Ne7 28. Nb4 Bb7 29. Bxb7 Rxb7 30. d5 Qf5 31. Kg1 Rbd7 32. Nc6 Re8 33. Re1 Kf8 34. Qa3 Qf6 35. Rde2 a5 36. d6 Qxd6 37. Qxd6 Rxd6 38. Nxe7 Red8 39. Nf5 Rd2 40. Ne3 b5 41. Kf1 g6 42. Rxd2 Rxd2 43. Re2 Rd6 44. Rc2 a4 45. bxa4 bxa4 46. Rc4 a3 47. Rc3 Ra6 48. Nc2 Ke7 49. Rxa3 Rc6 50. Ne3 h5 51. h4 f6 52. Ra7+ Ke6 53. a4 Ke5 54. a5 g5 55. Ra8 Ke4 56. Kg2 gxh4 57. gxh4 f5 58. a6 Rg6+ 59. Kf1 Kf3 60. Nxf5 1-0

[Event "Bluenose op"]
[Site "Halifax CAN"]
[Date "2025.02.23"]
[Round "5"]
[White "Ramirez Orta, Juan Antonio"]
[Black "Fillmore, Louis"]
[Result "1-0"]
[WhiteElo "2040"]
[BlackElo "1716"]
[WhiteFideId "-1"]
[WhiteFideId "-1"]
[PlyCount "67"]
[GameId "2150702741478103"]
[EventDate "2025.02.21"]
[EventType "swiss"]
[EventRounds "5"]
[EventCountry "CAN"]
[WhiteTeam "MEX"]
[BlackTeam "CAN"]
[WhiteClock "1:09:23"]
[BlackClock "0:24:10"]

1. e4 e5 2. Nf3 Nc6 3. Bb5 a6 4. Bxc6 dxc6 5. d4 exd4 6. Qxd4 Qxd4 7. Nxd4 Bc5 8. Be3 Nf6 9. f3 O-O 10. Nd2 Re8 11. Kf2 Be6 12. Rhd1 Rad8 13. Nxe6 Bxe3+ 14. Kxe3 Rxe6 15. Nc4 Rde8 16. Kf2 g5 17. h3 h5 18. Rd2 g4 19. Rad1 gxf3 20. gxf3 h4 21. Rd8 Kf8 22. Ne3 Nh7 23. Nf5 Ng5 24. Nxh4 Nxh3+ 25. Kg3 Ng5 26. Nf5 Rg6 27. Kf2 Nh3+ 28. Ke3 Rg2 29. R8d7 Rxc2 30. Rh1 Kg8 31. Rxh3 Rxb2 32. Rg3+ Kh8 33. Rxf7 Rxa2 34. Rh3+ 1-0

[Event "Bluenose op"]
[Site "Halifax CAN"]
[Date "2025.02.23"]
[Round "5"]
[White "Sarja, Sriram"]
[Black "Marchand, Calix"]
[Result "0-1"]
[WhiteElo "2352"]
[BlackElo "2237"]
[WhiteFideId "-1"]
[WhiteFideId "-1"]
[PlyCount "80"]
[GameId "2150702741469909"]
[EventDate "2025.02.21"]
[EventType "swiss"]
[EventRounds "5"]
[EventCountry "CAN"]
[WhiteTeam "IND"]
[BlackTeam "CAN"]
[WhiteClock "0:10:14"]
[BlackClock "0:10:37"]

1. c4 Nf6 2. Nc3 e6 3. g3 d5 4. cxd5 exd5 5. d4 c6 6. Bg2 Bd6 7. Nh3 O-O 8. O-O Re8 9. Bg5 h6 10. Bxf6 Qxf6 11. f3 c5 12. e3 Be6 13. Nf2 cxd4 14. Nb5 dxe3 15. Nxd6 exf2+ 16. Rxf2 Re7 17. f4 Rd7 18. Nb5 Bf5 19. Nc3 d4 20. Nd5 Qd8 21. Qxd4 Be6 22. Rd1 Bxd5 23. Bxd5 Nc6 24. Qc5 Ne7 25. Rfd2 Rc8 26. Bxf7+ Kxf7 27. Rxd7 Qxd7 28. Qh5+ g6 29. Qxg6+ Kxg6 30. Rxd7 Nf5 31. Rxb7 Rc2 32. g4 Nd4 33. h4 Nf3+ 34. Kf1 Nh2+ 35. Ke1 Nxg4 36. Rb5 a6 37. h5+ Kf6 38. Rb6+ Kf5 39. Kd1 Ne3+ 40. Ke1 Ke4 0-1

[Event "Bluenose op"]
[Site "Halifax CAN"]
[Date "2025.02.23"]
[Round "5"]
[White "Winfield, Jordan"]
[Black "Heran-Boily, Sam"]
[Result "0-1"]
[WhiteElo "1824"]
[BlackElo "2040"]
[WhiteFideId "-1"]
[WhiteFideId "-1"]
[PlyCount "60"]
[GameId "2150702741469910"]
[EventDate "2025.02.21"]
[EventType "swiss"]
[EventRounds "5"]
[EventCountry "CAN"]
[WhiteTeam "FRA"]
[WhiteClock "1:36:06"]
[BlackClock "0:23:53"]

1. c4 Nf6 2. Nc3 e5 3. Nf3 Nc6 4. e3 Bb4 5. Qc2 O-O 6. Nd5 Re8 7. Ng5 g6 8. Nxf6+ Qxf6 9. Ne4 Qd8 10. a3 Bf8 11. b4 Bg7 12. Bb2 d6 13. h3 f5 14. Nc3 Be6 15. Be2 a5 16. b5 Ne7 17. a4 Rf8 18. O-O-O c6 19. d4 exd4 20. exd4 Rc8 21. Kb1 Qb6 22. Rhe1 Rfe8 23. Qd2 cxb5 24. d5 Bd7 25. Nxb5 Bxb5 26. axb5 Bxb2 27. Qxb2 Qxf2 28. Rf1 Qc5 29. Qf6 Nxd5 30. Bf3 Nxf6 0-1

[Event "British Columbia op"]
[Site "Burnaby CAN"]
[Date "2025.02.15"]
[Round "1.1"]
[White "Cheng, Bindi"]
[Black "Zheng, Yanchen"]
[Result "1-0"]
[WhiteElo "2427"]
[BlackElo "1847"]
[WhiteFideId "-1"]
[WhiteFideId "-1"]
[PlyCount "67"]
[GameId "2151397239857483"]
[EventDate "2025.02.15"]
[EventType "swiss"]
[EventRounds "6"]
[EventCountry "CAN"]

1. Nf3 d5 2. c4 e6 3. g3 dxc4 4. Qc2 a6 5. a4 Nf6 6. Bg2 Be7 7. Qxc4 O-O 8. O-O Nbd7 9. a5 b5 10. axb6 Nxb6 11. Qc2 Bb7 12. d3 c5 13. Bd2 Qc8 14. Na3 Nfd7 15. Rfc1 Bf6 16. Ba5 Qc6 17. Rab1 Rfc8 18. Qd2 Qa4 19. Bc3 e5 20. Ra1 Qc6 21. Ba5 Rab8 22. Bh3 Re8 23. Nc4 e4 24. dxe4 Nxc4 25. Rxc4 Bc8 26. Rc2 Qxe4 27. Rac1 Ne5 28. Bg2 Bg4 29. Bc7 Rxb2 30. Nxe5 Rxc2 31. Rxc2 Qf5 32. Nxg4 Qxg4 33. Bc6 Rc8 34. Bd7 1-0

[Event "British Columbia op"]
[Site "Burnaby CAN"]
[Date "2025.02.15"]
[Round "1.2"]
[White "Mu, Shaunavon"]
[Black "Baldeschi, Niccolò"]
[Result "1/2-1/2"]
[WhiteElo "1844"]
[BlackElo "2357"]
[WhiteFideId "-1"]
[WhiteFideId "-1"]
[PlyCount "136"]
[GameId "2162699947118074"]
[EventDate "2025.02.15"]
[EventType "swiss"]
[EventRounds "6"]
[EventCountry "CAN"]

1. Nf3 Nf6 2. g3 b6 3. Bg2 Bb7 4. O-O e6 5. c4 Be7 6. Nc3 c5 7. b3 O-O 8. Bb2 d5 9. cxd5 exd5 10. d4 Nbd7 11. Rc1 Re8 12. dxc5 Bxc5 13. Ne1 Ne5 14. Nd3 Nxd3 15. Qxd3 Qe7 16. e3 Rad8 17. Ne2 Ne4 18. Nd4 Qd7 19. a3 a5 20. Rc2 Ra8 21. Rfc1 Ba6 22. Qd1 f6 23. b4 axb4 24. axb4 Bd6 25. Rc6 Rab8 26. b5 Bb7 27. R6c2 Bc5 28. Qh5 g6 29. Qe2 Qf7 30. Nb3 Rbc8 31. Bxe4 Rxe4 32. Nxc5 bxc5 33. Rxc5 Rxc5 34. Rxc5 Rc4 35. Bd4 Qe6 36. Qf3 Qf7 37. Rxc4 dxc4 38. Qxf6 Qxf6 39. Bxf6 Kf7 40. Bd4 Bf3 41. Kf1 Ke6 42. Ke1 Kd5 43. Kd2 h5 44. Kc3 Be2 45. Kb4 Kd6 46. Ka5 Kc7 47. Ka6 Bf3 48. Be5+ Kd7 49. b6 Kc8 50. Kb5 Kb7 51. Bd4 Be2 52. Kc5 Bd3 53. e4 Bxe4 54. Kxc4 g5 55. h3 g4 56. h4 Bg6 57. Kd5 Be8 58. Ke5 Kc8 59. Kf4 Bc6 60. Kg5 Be8 61. Kf6 Bc6 62. Be5 Be8 63. Bf4 Bc6 64. Ke7 Be4 65. Kf6 Bc6 66. b7+ Kxb7 67. Be3 Kc8 68. Bf4 Be8 1/2-1/2

[Event "British Columbia op"]
[Site "Burnaby CAN"]
[Date "2025.02.15"]
[Round "1.3"]
[White "Yang, Jingyun (Ryan)"]
[Black "Fang, Pengsen"]
[Result "1-0"]
[WhiteElo "2331"]
[BlackElo "1840"]
[WhiteFideId "-1"]
[WhiteFideId "-1"]
[PlyCount "41"]
[GameId "2162699947118075"]
[EventDate "2025.02.15"]
[EventType "swiss"]
[EventRounds "6"]
[EventCountry "CAN"]

1. e4 c5 2. Nf3 Nc6 3. Bb5 g6 4. c3 Nf6 5. Qe2 d5 6. e5 Nd7 7. d4 Bg7 8. h4 a6 9. Bxc6 bxc6 10. h5 cxd4 11. cxd4 c5 12. h6 Bf8 13. e6 Nf6 14. exf7+ Kxf7 15. dxc5 Qa5+ 16. Nc3 Qxc5 17. Be3 Qd6 18. Bd4 Bf5 19. Be5 Qd7 20. Rd1 e6 21. Bxf6 1-0

[Event "British Columbia op"]
[Site "Burnaby CAN"]
[Date "2025.02.15"]
[Round "1.4"]
[White "Chua, Zachary"]
[Black "Chen, Yidong"]
[Result "0-1"]
[WhiteElo "1829"]
[BlackElo "2260"]
[WhiteFideId "-1"]
[WhiteFideId "-1"]
[PlyCount "78"]
[GameId "2162699947118076"]
[EventDate "2025.02.15"]
[EventType "swiss"]
[EventRounds "6"]
[EventCountry "CAN"]

1. d4 Nf6 2. Bf4 b6 3. e3 Bb7 4. Nd2 g6 5. Ngf3 Bg7 6. h3 d6 7. Bd3 Nbd7 8. c3 O-O 9. Bc2 Re8 10. O-O e5 11. dxe5 dxe5 12. Bg3 Qe7 13. Qb1 Rad8 14. Ne4 Nxe4 15. Bxe4 Ba6 16. Rd1 Nc5 17. Bc6 Rxd1+ 18. Qxd1 Rd8 19. Qc2 Bd3 20. Qc1 Qd6 21. b4 Qxc6 22. bxc5 Qxc5 23. Qb2 Ba6 24. Nd2 Bb7 25. e4 Rd3 26. Nf3 Bxe4 27. Qe2 f5 28. Re1 Rxc3 29. Qa6 h6 30. Nh4 Rxg3 31. Qc8+ Kh7 32. Qe8 Rg5 33. Rd1 Bd5 34. Kh2 Qxf2 35. Rxd5 Qxh4 36. g4 Qf2+ 37. Kh1 Qf3+ 38. Kh2 Qxd5 39. Kg3 fxg4 0-1

[Event "British Columbia op"]
[Site "Burnaby CAN"]
[Date "2025.02.15"]
[Round "1.5"]
[White "Aljo, Johan"]
[Black "Armstrong, David"]
[Result "1-0"]
[WhiteElo "2228"]
[BlackElo "1825"]
[WhiteFideId "-1"]
[WhiteFideId "-1"]
[PlyCount "67"]
[GameId "2162699947118077"]
[EventDate "2025.02.15"]
[EventType "swiss"]
[EventRounds "6"]
[EventCountry "CAN"]

1. d4 Nf6 2. c4 g6 3. Nc3 Bg7 4. e4 d6 5. Be2 O-O 6. Be3 a6 7. Nf3 Bg4 8. O-O Nfd7 9. Qd2 e5 10. Rfd1 Bxf3 11. Bxf3 Nc6 12. dxe5 Ndxe5 13. Be2 f6 14. f4 Nf7 15. Qc2 Qc8 16. Nd5 Re8 17. h3 Ne7 18. Bg4 Qb8 19. Bd4 Nxd5 20. cxd5 Nd8 21. Re1 c5 22. dxc6 Nxc6 23. Bb6 Kh8 24. Rad1 Re7 25. Re2 Qe8 26. Rxd6 f5 27. exf5 gxf5 28. Bf3 Rxe2 29. Bxe2 Qe7 30. Qd2 Re8 31. Bh5 Qe1+ 32. Kh2 Qxd2 33. Rxd2 Re4 34. Bf3 1-0

[Event "British Columbia op"]
[Site "Burnaby CAN"]
[Date "2025.02.15"]
[Round "1.6"]
[White "Yang, Nathan Yi-Hsin"]
[Black "Liu, Zachary"]
[Result "0-1"]
[WhiteElo "1823"]
[BlackElo "2137"]
[WhiteFideId "-1"]
[WhiteFideId "-1"]
[PlyCount "68"]
[GameId "2162699947118078"]
[EventDate "2025.02.15"]
[EventType "swiss"]
[EventRounds "6"]
[EventCountry "CAN"]

1. d4 Nf6 2. Bg5 d5 3. e3 Bf5 4. c3 Nbd7 5. Nd2 e6 6. f4 c5 7. Ngf3 h6 8. Bh4 Qb6 9. Qb3 c4 10. Qxb6 axb6 11. Ne5 b5 12. Bxf6 gxf6 13. Nxd7 Kxd7 14. Be2 b4 15. O-O bxc3 16. bxc3 b5 17. a4 b4 18. e4 Bh7 19. exd5 exd5 20. Bf3 Ra5 21. Bg4+ f5 22. Bf3 bxc3 23. Nb1 Bg7 24. Kh1 Bxd4 25. Ra3 c2 26. Nc3 Be3 27. Nxd5 c1=Q 28. Rxc1 Bxc1 29. Rc3 Bb2 30. Rxc4 Kd6 31. Nb6 Rc5 32. h3 Bc3 33. Bd5 Rxc4 34. Bxc4 Kc5 0-1

[Event "British Columbia op"]
[Site "Burnaby CAN"]
[Date "2025.02.15"]
[Round "1.7"]
[White "Yao, Lucas"]
[Black "Zhu, Daniel"]
[Result "1/2-1/2"]
[WhiteElo "2109"]
[BlackElo "1821"]
[WhiteFideId "-1"]
[WhiteFideId "-1"]
[PlyCount "266"]
[GameId "2162699947118079"]
[EventDate "2025.02.15"]
[EventType "swiss"]
[EventRounds "6"]
[EventCountry "CAN"]

1. e4 c5 2. Nf3 d6 3. d4 Nf6 4. Nc3 cxd4 5. Nxd4 Nc6 6. f3 e5 7. Nb3 Be7 8. Be3 O-O 9. Qd2 a5 10. Bb5 Be6 11. O-O Nb8 12. a4 Nbd7 13. Qf2 Rc8 14. Rfd1 Qc7 15. Rd2 Rfd8 16. Rad1 h6 17. g4 Nc5 18. Nxc5 dxc5 19. Rxd8+ Bxd8 20. Bxc5 Be7 21. Bxe7 Qxe7 22. Qb6 Qb4 23. Rd8+ Rxd8 24. Qxd8+ Kh7 25. Qd2 Qxb2 26. Nd5 Qa1+ 27. Kg2 Qa2 28. Ne3 Bb3 29. Qxa5 Bxc2 30. Qd2 Bb3 31. Qxa2 Bxa2 32. Nf5 Be6 33. Nd6 b6 34. Kf2 Kg8 35. h4 Kf8 36. Nb7 Ke7 37. a5 bxa5 38. Nxa5 Nh7 39. Bc4 Nf8 40. Bxe6 Nxe6 41. Nc4 Kf6 42. Ne3 Nf4 43. Nf5 h5 44. g5+ Kg6 45. Ne7+ Kh7 46. Nd5 Ne6 47. Nb6 f6 48. gxf6 gxf6 49. Nd5 Kg6 50. Kg3 Nc5 51. Ne7+ Kf7 52. Nf5 Nd3 53. Nd6+ Ke6 54. Nf5 Nf4 55. Kf2 Kd7 56. Nh6 Ke8 57. Ng8 Kf7 58. Nh6+ Kg7 59. Nf5+ Kf7 60. Ke3 Ke6 61. Kd2 Kf7 62. Ke3 Ke8 63. Ng7+ Kf8 64. Nf5 Kf7 65. Kf2 Nd3+ 66. Ke3 Nf4 67. Kf2 Kg8 68. Kg3 Kh7 69. Ne3 Kg6 70. Nf5 Ne2+ 71. Kf2 Nf4 72. Kg3 Nd3 73. Ne7+ Kf7 74. Nd5 Nc5 75. Kf2 Ke6 76. Ke3 f5 77. Nc3 f4+ 78. Ke2 Nb3 79. Nd5 Nd4+ 80. Kf2 Nb5 81. Nb4 Nc3 82. Nc6 Nd1+ 83. Kg1 Ne3 84. Kf2 Nc4 85. Nd8+ Ke7 86. Nc6+ Kd7 87. Nb4 Ne3 88. Nd3 Kd6 89. Kg1 Nc4 90. Kf2 Ne3 91. Kg1 Ke6 92. Nc5+ Kd6 93. Nd3 Nc2 94. Kf2 Ke6 95. Nc5+ Ke7 96. Nd3 Kd6 97. Ke2 Ne3 98. Kf2 Nc4 99. Nb4 Nb6 100. Nd3 Nd7 101. Ke2 Nf8 102. Ne1 Ng6 103. Ng2 Kc5 104. Kd3 Kb4 105. Kd2 Kc4 106. Kc2 Kd4 107. Kd2 Kc4 108. Kc2 Nf8 109. Kd2 Kb3 110. Ne1 Ng6 111. Ng2 Kb2 112. Ne1 Kb3 113. Ng2 Kb4 114. Kd3 Kb5 115. Kc3 Kc5 116. Kd3 Nf8 117. Kc3 Ne6 118. Ne1 Nd4 119. Nd3+ Kd6 120. Nxf4 Nxf3 121. Nxh5 Nxh4 122. Kc4 Nf3 123. Ng7 Nd2+ 124. Kd3 Nb3 125. Ne8+ Ke7 126. Nc7 Kd7 127. Nd5 Kd6 128. Nf6 Ke6 129. Ng4 Nc5+ 130. Ke3 Nb3 131. Nxe5 Kxe5 132. Kd3 Nc5+ 133. Ke3 Nxe4 1/2-1/2

[Event "British Columbia op"]
[Site "Burnaby CAN"]
[Date "2025.02.15"]
[Round "1.8"]
[White "Tu, Liam"]
[Black "Harms, Reece"]
[Result "1-0"]
[WhiteElo "1819"]
[BlackElo "2087"]
[WhiteFideId "-1"]
[WhiteFideId "-1"]
[PlyCount "75"]
[GameId "2162699947118080"]
[EventDate "2025.02.15"]
[EventType "swiss"]
[EventRounds "6"]
[EventCountry "CAN"]

1. d4 Nf6 2. c4 e6 3. Nf3 d5 4. cxd5 exd5 5. Qc2 Bd6 6. Nc3 c6 7. Bg5 Nbd7 8. e3 h6 9. Bh4 O-O 10. Bd3 Re8 11. O-O g5 12. Bg3 Bxg3 13. hxg3 Qe7 14. Rae1 Ne4 15. Bxe4 dxe4 16. Nd2 Nf6 17. f3 Bf5 18. Qb3 Qc7 19. fxe4 Nxe4 20. Rxf5 Nxd2 21. Qc2 Nc4 22. Qf2 Rad8 23. b3 Nd6 24. Rf6 Kg7 25. e4 Qe7 26. e5 Nb5 27. Nxb5 cxb5 28. Rf1 Rd7 29. Qf3 Red8 30. Qh5 Rh8 31. e6 Qxe6 32. Rxe6 fxe6 33. Qe2 Re8 34. Qe5+ Kh7 35. Rf6 a6 36. Qe4+ Kg8 37. Qg6+ Rg7 38. Qxe8+ 1-0

[Event "British Columbia op"]
[Site "Burnaby CAN"]
[Date "2025.02.15"]
[Round "1.9"]
[White "Taylor, Tristan"]
[Black "Leblanc, Paul"]
[Result "1-0"]
[WhiteElo "2074"]
[BlackElo "1814"]
[WhiteFideId "-1"]
[WhiteFideId "-1"]
[PlyCount "57"]
[GameId "2162699947118081"]
[EventDate "2025.02.15"]
[EventType "swiss"]
[EventRounds "6"]
[EventCountry "CAN"]

1. e4 c6 2. d4 d5 3. e5 Bf5 4. Nf3 e6 5. Be2 Nd7 6. O-O Ne7 7. c3 c5 8. dxc5 Nc6 9. b4 Ncxe5 10. Nxe5 Nxe5 11. f4 Nd7 12. g4 Bxb1 13. Rxb1 Be7 14. Be3 O-O 15. Kh1 a5 16. Qc2 Qc7 17. Bd3 h6 18. g5 hxg5 19. fxg5 f5 20. gxf6 Nxf6 21. Qg2 axb4 22. Rg1 Bd8 23. cxb4 Ra3 24. Bf4 Qf7 25. Bg6 Qd7 26. Bd6 Bc7 27. Bxf8 Kxf8 28. Rbf1 b6 29. Qb2 1-0

[Event "British Columbia op"]
[Site "Burnaby CAN"]
[Date "2025.02.15"]
[Round "1.10"]
[White "Imoo, Joshua"]
[Black "Mohammed Qanee, Arpak Worya"]
[Result "0-1"]
[WhiteElo "1813"]
[BlackElo "2062"]
[WhiteFideId "-1"]
[WhiteFideId "-1"]
[PlyCount "76"]
[GameId "2162699947118082"]
[EventDate "2025.02.15"]
[EventType "swiss"]
[EventRounds "6"]
[EventCountry "CAN"]

1. e4 c5 2. Nc3 Nc6 3. f4 g6 4. Nf3 Bg7 5. Bb5 Nd4 6. O-O a6 7. Be2 d6 8. d3 e6 9. Be3 Ne7 10. Qd2 O-O 11. Nd1 b5 12. c3 Nxe2+ 13. Qxe2 Bb7 14. Nf2 Rc8 15. d4 Rc7 16. Rfd1 Qa8 17. dxc5 dxc5 18. Qc2 a5 19. a3 h6 20. Qd3 Qa6 21. Qd2 Kh7 22. Qd6 Qxd6 23. Rxd6 Nc8 24. Rd3 Nb6 25. Rad1 Nc4 26. Bc1 a4 27. Rd7 Rfc8 28. f5 exf5 29. exf5 Bxf3 30. fxg6+ fxg6 31. gxf3 Ne5 32. Rxc7 Rxc7 33. Kg2 b4 34. cxb4 cxb4 35. axb4 Rc2 36. Rd2 Rxc1 37. Re2 Rc4 38. Re4 Rc2 0-1